01544nac a22003611u 4500003000900000005001700009008004100026020001500067020001800082035002400100040004300124041002800167082002000195100005400215245024600269264005900515264001000574300004500584546009200629600002500721650005900746653001100805655001700816700002800833700003800861700003200899700004200931700003400973700003801007942001201045999001501057952011001072EG-ScBUE20221013112914.0221013t2002 gw a f 000 0 eng d a3823855808 a9783823855804 a(GyWOH)har025008365 aEG-ScBUEbengerdacEG-ScBUEdEG-ScBUE aengafreageraitahpor04a720.92bSIZ2221 aSiza, Álvaro,‏ d1933-eauthor.10aAlvaro Siza /c[editor and original texts, Aurora Cuito ; photographs by Duccio Malagamba ; English translation, William Bain ; German translation, Bettina Beck ; French translation, Michel Ficerai ; Italian translation, Giovanna Carnevali]. 1aKempen, Germany ;aNew York, N.Y. :bte Neues,c[2002] 4cc2002 a79 pages :bcolor illustrations ;c23 cm aText in English, German, French and Italian ; translated from the original Portuguese. 10aSiza, Alvaro,d1933- 7aArchitecturezPortugaly20th centuryvCatalogs.2BUEsh bENGARC vReading book1 aCuito, Aurora,eeditor.1 aMalagamba, Duccio,ephotographer.1 aBain, William,etranslator.1 aBeck, Bettina,‏d1978-etranslator.1 aFicerai, Michel,etranslator.1 aCarnevali, Giovanna,etranslator. cBB2ddc c3157d3157 00102ddc4070aMAINbMAINc2NDd2007-03-25ePurchasel0o720.92 SIZp000030469r2025-07-15 00:00:00yBB